| 000 | 00559nam a2200181 4500 | ||
|---|---|---|---|
| 001 | 124089 | ||
| 003 | ES-MaACL | ||
| 005 | 20230906192323.0 | ||
| 007 | t| | ||
| 008 | 070214s1970 sp r ||||1| spa d | ||
| 100 | 1 |
_aRao, C. N. R. _995442 |
|
| 245 | 1 | 0 |
_aEspectroscopia ultravioleta y visible / _cC. N. R. Rao ; versión de Fernando Castaño Almandral. |
| 250 | _a1ª. ed. | ||
| 260 |
_aMadrid : _bAlhambra, _c1970. |
||
| 300 |
_aXII, 308 p. : _bil. ; _c20 cm. |
||
| 700 | 0 |
_aCastaño Almendral, Fernando. _936434 |
|
| 852 |
_aES-MaACL _jC-39472 _bR.72559 |
||
| 999 |
_c124089 _d124089 |
||